Länder nach Grenzflüssen - Statistiken

Allgemein
  • Dieses Quiz wurde 52 mal gespielt
  • Das Durchschnittsergebnis liegt bei 31 aus 34
Antwortstatistiken
Grenzfluss Land % Korrekt
Donau Deutschland
100%
Inn Deutschland
100%
Rhein Deutschland
100%
Salzach Deutschland
100%
Donau Österreich
100%
Inn Österreich
100%
Rhein Österreich
100%
Salzach Österreich
100%
Amazonas Brasilien
96%
Rhein Frankreich
96%
Rhone Frankreich
96%
Inn Schweiz
96%
Rhein Schweiz
96%
Rhone Schweiz
96%
Colorado Mexiko
94%
Donau Rumänien
94%
Donau Serbien
94%
Donau Ungarn
94%
Colorado Vereinigte Staaten
94%
Rhein Niederlande
92%
Donau Bulgarien
90%
Mekong China
88%
Amazonas Kolumbien
88%
Amazonas Peru
88%
Mekong Kambodscha
85%
Donau Slowakei
85%
Mekong Thailand
85%
Mekong Vietnam
85%
Mekong Laos
81%
Mekong Myanmar
81%
Rhein Liechtenstein
79%
Donau Kroatien
75%
Donau Ukraine
75%
Donau Moldau
52%
Keine übereinstimmenden Quizze gefunden
Verteilung der Resultate
Anzahl Personen mit jedem Resultat
Perzentil nach korrekt beantworteten Fragen
Ihre Resultats-Entwicklung
Sie haben dieses Quiz noch nicht gespielt